00639nam a22002057a 450000500170000001000130001702000220003003500130005203700160006504000120008108200160009310000200010924500910012926000470022027000440026730000240031150000510033565000300038665000170041620170124110031.0 aA-409860 c00.00a8170243025 aA-409860 bCen Lib/Ret aDPLbEN a378.54bCHA aChauhan, C.P.S. aHigher education in india :cby C.P.S. Chauhan bachievments, failures and stategies / aNew Delhi bAshish Publishing House c1990 bNew Delhi a8/81, punjabi bagh e110026 aix, 220p.c21cm(Hb) aIncludes bibliographical references and index  aHigher education zIndia  aDevelopment